Countries - Sudden Death - Statistics

General Stats
  • This quiz has been taken 111 times
  • The average score is 15 of 20
Answers on the Grid
Answers color-coded by a green-red scale on the quiz's grid according to % correct below.
Marshall Islands
St. Kitts and Nevis
North Macedonia
Fiji
El Salvador
Cape Verde
F. S. Micronesia
Saint Lucia
Solomon Islands
Kiribati
Tonga
Vanuatu
Lesotho
Eritrea
Eswatini
Palau
Comoros
Barbados
St. Vincent and the Grenadines
Sao Tome & Principe
Cayman Islands
Cook Islands
Niue
Saint Martin
England
Wallis & Futuna
Guam
Puerto Rico
Gibraltar
Greenland
 
Answer Stats
Answer % Correct
El Salvador
81%
Fiji
81%
Cape Verde
79%
Eritrea
79%
Lesotho
79%
Barbados
76%
Eswatini
76%
Kiribati
76%
St. Vincent and the Grenadines
76%
Vanuatu
76%
North Macedonia
74%
Sao Tome & Principe
74%
St. Kitts and Nevis
74%
Marshall Islands
72%
Palau
72%
Saint Lucia
72%
Comoros
71%
F. S. Micronesia
71%
Solomon Islands
71%
Tonga
71%
No matching quizzes found
Score Distribution
Percent of People with Each Score
Percentile by Number Answered
Your Score History
You have not taken this quiz